000 00490nam a2200145Ia 4500
008 100122s9999 xx 000 0 und d
082 _b15360
_a822
100 _aकेशव दत्ता
245 _aमाझा कुणा म्हणूं मी
260 _bपरचुरे प्रक ाशन
_c1968
300 _a89
630 _aमाझा कुणा म्हणूं मी
730 _aमाझा कुणा म्हणूं मी
942 _cBOOK
999 _c405655
_d405652